Analysis of potentiation and overshadowing effects in the instrumental performance of pegeons (Record no. 62443)

MARC details
000 -CABECERA
campo de control de longitud fija 00644nam a2200229 a 4500
005 - FECHA Y HORA DE LA ÚLTIMA TRANSACCIÓN
campo de control 20210219152851.0
008 - ELEMENTOS DE LONGITUD FIJA--INFORMACIÓN GENERAL
campo de control de longitud fija 991125n 000 0 eng u
035 ## - NÚMERO DE CONTROL DEL SISTEMA
Número de control de sistema UPN01000064143
100 ## - ASIENTO PRINCIPAL--NOMBRE PERSONAL
Nombre de persona REED, Phil
222 ## - TÍTULO CLAVE
Título clave LEARNING AND MOTIVATION
245 ## - MENCIÓN DE TÍTULO
Título Analysis of potentiation and overshadowing effects in the instrumental performance of pegeons
300 ## - DESCRIPCIÓN FÍSICA
Extensión 368-382
362 ## - FECHAS DE PUBLICACIÓN Y/O DESIGNACIÓN SECUENCIAL
Fecha de publicación y/o designación secuencial 1992 32, no. 4 nov.
653 0# - TERMINO DE INDIZACION - NO CONTROLADO
Término no controlado APRENDIZAJE
653 0# - TERMINO DE INDIZACION - NO CONTROLADO
Término no controlado COMPORTAMIENTO
653 0# - TERMINO DE INDIZACION - NO CONTROLADO
Término no controlado ENTRENAMIENTO
653 0# - TERMINO DE INDIZACION - NO CONTROLADO
Término no controlado ESTIMULOS
653 0# - TERMINO DE INDIZACION - NO CONTROLADO
Término no controlado PRUEBAS EDUCATIVAS
700 ## - ASIENTO SECUNDARIO--NOMBRE DE PERSONAL
Nombre de persona HONEY, R. C., coaut.
904 ## - ELEMENTOS DE DATOS D LOCAL, LDD (RLIN)
a AC
b 001954
905 ## - TIPO DE MATERIAL
Tipo de material Articulo

No items available.